| 000 | 00451nam a2200169Ia 4500 | ||
|---|---|---|---|
| 008 | 230718s9999 xx 000 0 und d | ||
| 041 | _aeng | ||
| 082 |
_a005.26 _bMIC |
||
| 100 |
_aMicrosoft _9109114 |
||
| 245 | _aMicro Visual Basic 6.0 Mcsd Training Kit | ||
| 260 |
_c1999 _bMicrosoft |
||
| 300 |
_a490 _dRef 707 C (11628) |
||
| 365 |
_cRs. _b2575.55 |
||
| 500 | _a707 C | ||
| 700 |
_aMicrosoft _9109114 |
||
| 906 |
_dB:92119-Jul-2000 _cCOMP _b36.25 |
||
| 999 |
_c300422 _d300422 |
||